[Event "AUT-chT (Women) 2223"]
[Site "Austria"]
[Date "2022.10.23"]
[Round "4.3"]
[White "Heinemann, Josefine"]
[Black "Wilfling, Sandra"]
[Result "1-0"]
[WhiteElo "2318"]
[BlackElo "1851"]
[PlyCount "77"]
[EventDate "2022.10.21"]
[EventType "team-tourn"]
[EventRounds "9"]
[EventCountry "AUT"]
[SourceTitle "EXT 2024"]
[Source "ChessBase"]
[SourceDate "2023.10.10"]
[SourceVersion "1"]
[SourceVersionDate "2023.10.10"]
[SourceQuality "1"]
[WhiteTeam "Baden (W)"]
[BlackTeam "Lienz (W)"]
[WhiteTeamCountry "AUT"]
[BlackTeamCountry "AUT"]

1. e4 d5 2. exd5 Qxd5 3. Nc3 Qa5 4. d4 c6 5. Bc4 Nf6 6. Bd2 Qc7 7. Qe2 Bf5 8. 0-0-0 e6 9. h3 Nbd7 10. g4 Bg6 11. h4 h6 12. f4 0-0-0 13. h5 Bh7 14. Nh3 Nb6 15. Bb3 Bb4 16. g5 Bxc3 17. bxc3 Ne4 18. g6 Ng3 19. Qf3 Nxh1 20. gxh7 c5 21. dxc5 Qxc5 22. Rxh1 a5 23. a4 Rd6 24. Nf2 Qa3+ 25. Kd1 Nxa4 26. Ke2 Nc5 27. Ne4 Rc6 28. Bc1 Qa1 29. Be3 Qa3 30. Nxc5 Rxc5 31. Bxc5 Qxc5 32. Qd3 b5 33. Qd4 Qc6 34. Rd1 Qg2+ 35. Ke3 Qg3+ 36. Kd2 Rxh7 37. Kc1 Qf3 38. Qd8+ Kb7 39. Rd7+ 1-0

[Event "Admont 4 Lands (Women)"]
[Site "Admont"]
[Date "2017.06.03"]
[Round "1.2"]
[White "Lasinger, Melanie"]
[Black "Wilfling, Sandra"]
[Result "0-1"]
[WhiteElo "1487"]
[BlackElo "1817"]
[PlyCount "106"]
[EventDate "2017.06.03"]
[EventType "team-tourn"]
[EventRounds "3"]
[EventCountry "AUT"]
[SourceTitle "EXT 2020"]
[Source "ChessBase"]
[SourceDate "2019.10.17"]
[SourceVersion "1"]
[SourceVersionDate "2019.10.17"]
[SourceQuality "1"]
[WhiteTeam "Oberoesterreich (W)"]
[BlackTeam "Steiermark (W)"]
[WhiteTeamCountry "AUT"]
[BlackTeamCountry "AUT"]

1. e4 d5 2. exd5 Qxd5 3. Nc3 Qa5 4. d4 c6 5. Bd3 Nf6 6. Nge2 Bg4 7. 0-0 e6 8. Qd2 Nbd7 9. h3 Bxe2 10. Nxe2 Qc7 11. c3 h6 12. Qc2 Bd6 13. Re1 0-0 14. b3 c5 15. Bb2 Rac8 16. Rac1 Nd5 17. Qd1 cxd4 18. Nxd4 Bf4 19. Rc2 Qa5 20. Qa1 a6 21. a3 b5 22. Ne2 Be5 23. b4 Qc7 24. c4 Bxb2 25. Qxb2 bxc4 26. Rxc4 Qb6 27. Rec1 Rxc4 28. Rxc4 Rb8 29. Be4 a5 30. Bxd5 exd5 31. Rd4 Qc6 32. Qc3 Qb5 33. Nf4 Nf6 34. bxa5 Ra8 35. Qb4 Qxa5 36. Qxa5 Rxa5 37. a4 g5 38. Ne2 Kf8 39. f3 Ke7 40. Kf2 Kd6 41. Ke3 Nd7 42. Nc3 Nc5 43. g4 Ne6 44. Rd1 d4+ 45. Ke2 Ke5 46. Ne4 Rxa4 47. Nf2 Ra2+ 48. Rd2 Rxd2+ 49. Kxd2 Kf4 50. Ke2 Nc5 51. Ne4 d3+ 52. Kd2 Kxf3 53. Nf6 Kg3 0-1

[Event "AUT-chT (Women) 1516"]
[Site "Austria"]
[Date "2016.02.27"]
[Round "5.3"]
[White "Wilfling, Sandra"]
[Black "Steiner, Magdalena"]
[Result "1-0"]
[WhiteElo "1835"]
[BlackElo "1738"]
[PlyCount "67"]
[EventDate "2015.11.06"]
[EventType "team-swiss"]
[EventRounds "7"]
[EventCountry "AUT"]
[SourceTitle "EXT 2017"]
[Source "ChessBase"]
[SourceDate "2016.10.25"]
[SourceVersion "1"]
[SourceVersionDate "2016.10.25"]
[SourceQuality "1"]
[WhiteTeam "Feldbach Kirchberg (W)"]
[BlackTeam "Tschaturanga (W)"]
[WhiteTeamCountry "AUT"]
[BlackTeamCountry "AUT"]

1. d4 Nf6 2. c4 g6 3. Nc3 Bg7 4. e4 d6 5. Nf3 0-0 6. Be2 e5 7. 0-0 Nc6 8. d5 Ne7 9. Ne1 Nd7 10. Be3 f5 11. f3 f4 12. Bf2 g5 13. Rc1 h5 14. c5 Nxc5 15. b4 Nd7 16. Nb5 c6 17. dxc6 Nxc6 18. Nxd6 Nd4 19. Bc4+ Kh7 20. Bd5 Qb6 21. Nf5 Qxb4 22. Rc4 Qb5 23. Nxg7 Kxg7 24. Bxd4 exd4 25. Qxd4+ Kg6 26. Nd3 Qb6 27. e5 Qxd4+ 28. Rxd4 Nb6 29. Be4+ Kf7 30. Nc5 Rb8 31. Rd6 Re8 32. Bg6+ Ke7 33. Bxe8 Kxe8 34. Rg6 1-0

[Event "AUT-chT (Women) 1415"]
[Site "Austria"]
[Date "2015.03.01"]
[Round "6.2"]
[White "Stangl, Helga"]
[Black "Wilfling, Sandra"]
[Result "1/2-1/2"]
[WhiteElo "1594"]
[BlackElo "1852"]
[PlyCount "61"]
[EventDate "2014.10.03"]
[EventType "team-swiss"]
[EventRounds "9"]
[EventCountry "AUT"]
[SourceTitle "EXT 2016"]
[Source "ChessBase"]
[SourceDate "2015.10.08"]
[SourceVersion "1"]
[SourceVersionDate "2015.10.08"]
[SourceQuality "1"]
[WhiteTeam "St Veit/Glan (W)"]
[BlackTeam "Feldbach Kirchberg (W)"]
[WhiteTeamCountry "AUT"]
[BlackTeamCountry "AUT"]

1. Nf3 d5 2. b3 c5 3. Bb2 Nc6 4. e3 Nf6 5. Bb5 Bd7 6. Bxc6 Bxc6 7. d3 b6 8. Nbd2 e6 9. Ne5 Bb7 10. Ndf3 h6 11. 0-0 Be7 12. Rc1 0-0 13. c4 Rc8 14. cxd5 exd5 15. d4 Ne4 16. dxc5 bxc5 17. Nd2 Nd6 18. Qg4 f5 19. Qh5 Bf6 20. f4 Qe8 21. Qh3 Ba6 22. Rf3 Be2 23. Rf2 Bg4 24. Qg3 Qh5 25. h3 Bh4 26. hxg4 Bxg3 27. gxh5 Bxf2+ 28. Kxf2 Rfd8 29. Ba3 Nb7 30. Ke2 Rd6 31. Kf3 1/2-1/2

[Event "AUT-chT (Women) 1415"]
[Site "Austria"]
[Date "2014.10.05"]
[Round "3.2"]
[White "Froewis, Annika"]
[Black "Wilfling, Sandra"]
[Result "1-0"]
[WhiteElo "1991"]
[BlackElo "1852"]
[PlyCount "73"]
[EventDate "2014.10.03"]
[EventType "team-swiss"]
[EventRounds "9"]
[EventCountry "AUT"]
[SourceTitle "EXT 2016"]
[Source "ChessBase"]
[SourceDate "2015.10.08"]
[SourceVersion "1"]
[SourceVersionDate "2015.10.08"]
[SourceQuality "1"]
[WhiteTeam "Dornbirn (W)"]
[BlackTeam "Feldbach Kirchberg (W)"]
[WhiteTeamCountry "AUT"]
[BlackTeamCountry "AUT"]

1. e4 c5 2. Nf3 d6 3. d4 cxd4 4. Nxd4 Nf6 5. Nc3 a6 6. Be3 e6 7. f3 Be7 8. Qd2 Qc7 9. g4 Nc6 10. 0-0-0 Ne5 11. g5 Nfd7 12. Qg2 Nc4 13. Bf2 b5 14. f4 Bb7 15. f5 e5 16. Nb3 Ndb6 17. h4 Rc8 18. Bxb6 Qxb6 19. Bxc4 Rxc4 20. Kb1 Rxc3 21. bxc3 Qe3 22. Rhe1 Qxc3 23. f6 gxf6 24. gxf6 Bf8 25. h5 d5 26. Qd2 Qxd2 27. Nxd2 d4 28. Nf3 Rg8 29. Nxe5 Rg5 30. Nf3 Rxh5 31. Nxd4 Bb4 32. Re2 Re5 33. Kb2 Ba5 34. Nf5 Kf8 35. Rd7 Bxe4 36. Nd6 Bf5 37. Rxf7+ 1-0

[Event "Graz Casino op-B"]
[Site "Graz"]
[Date "2014.02.17"]
[Round "5"]
[White "Landl, Margot"]
[Black "Wilfling, Sandra"]
[Result "1-0"]
[WhiteElo "1774"]
[BlackElo "1846"]
[PlyCount "60"]
[EventDate "2014.02.14"]
[EventType "swiss"]
[EventRounds "9"]
[EventCountry "AUT"]
[SourceTitle "CBM 158 Extra"]
[Source "ChessBase"]
[SourceDate "2014.02.28"]
[SourceVersion "1"]
[SourceVersionDate "2014.02.28"]
[SourceQuality "1"]

1. e4 c5 2. Nf3 d6 3. d4 cxd4 4. Nxd4 Nf6 5. Nc3 a6 6. Be2 e6 7. 0-0 Be7 8. a4 Nc6 9. f4 Qc7 10. Be3 0-0 11. Kh1 b6 12. Nxc6 Qxc6 13. Bf3 e5 14. Nd5 Bd8 15. Qd2 Ng4 16. Bxg4 Bxg4 17. f5 f6 18. Bxb6 Qb7 19. a5 Rc8 20. Rfe1 Bh5 21. c3 Bf7 22. Red1 Bh5 23. Re1 Kh8 24. h3 Bf7 25. Bxd8 Rfxd8 26. Nb6 Rc5 27. b4 Rc7 28. Rad1 d5 29. exd5 Bxd5 30. Nxd5 Qb8 1-0

[Event "Graz Casino op-B"]
[Site "Graz"]
[Date "2014.02.15"]
[Round "2"]
[White "Wilfling, Sandra"]
[Black "Makovicka, Tadeas"]
[Result "1/2-1/2"]
[WhiteElo "1846"]
[BlackElo "1994"]
[PlyCount "117"]
[EventDate "2014.02.14"]
[EventType "swiss"]
[EventRounds "9"]
[EventCountry "AUT"]
[SourceTitle "CBM 158 Extra"]
[Source "ChessBase"]
[SourceDate "2014.02.28"]
[SourceVersion "1"]
[SourceVersionDate "2014.02.28"]
[SourceQuality "1"]

1. d4 Nf6 2. c4 g6 3. Nc3 d5 4. cxd5 Nxd5 5. e4 Nxc3 6. bxc3 Bg7 7. Bc4 c5 8. Ne2 cxd4 9. cxd4 Nc6 10. Be3 0-0 11. 0-0 Na5 12. Bd5 e6 13. Bb3 b6 14. Rc1 Bb7 15. f3 Qd7 16. Qd3 Rfc8 17. Rfd1 Bc6 18. Nc3 Nxb3 19. axb3 Rd8 20. Qe2 Bb7 21. Qb5 Qe7 22. Qa4 a6 23. Qa2 Rac8 24. Qd2 Qb4 25. Ne2 Qa3 26. Ra1 Qe7 27. Bg5 f6 28. Be3 a5 29. Ra4 Ba6 30. d5 Qb7 31. Nf4 exd5 32. Nxd5 Bb5 33. Rd4 Kf7 34. Nxb6 Rxd4 35. Qxd4 f5 36. Qd5+ Qxd5 37. Rxd5 Rc3 38. Bd2 Rxb3 39. Bxa5 fxe4 40. fxe4 Rb1+ 41. Kf2 Bc6 42. Rd6 Bxe4 43. Rd7+ Kf8 44. Rd8+ Ke7 45. Nc8+ Ke6 46. Re8+ Kd7 47. Rxe4 Kxc8 48. Rc4+ Kb8 49. Rb4+ Rxb4 50. Bxb4 Kc7 51. Kf3 Kd7 52. Kg4 Ke6 53. Kg5 Kf7 54. g4 h6+ 55. Kf4 Ke6 56. Ke4 h5 57. h3 hxg4 58. hxg4 Kf7 59. Bc5 1/2-1/2

[Event "AUT-chT (Women) 1314"]
[Site "Austria"]
[Date "2014.02.01"]
[Round "5"]
[White "Bernhard, Julia"]
[Black "Wilfling, Sandra"]
[Result "1-0"]
[WhiteElo "1739"]
[BlackElo "1817"]
[PlyCount "93"]
[EventDate "2013.12.06"]
[EventType "team-tourn"]
[EventRounds "9"]
[EventCountry "AUT"]
[SourceTitle "EXT 2015"]
[Source "ChessBase"]
[SourceDate "2014.11.20"]
[SourceVersion "1"]
[SourceVersionDate "2014.11.20"]
[SourceQuality "1"]
[WhiteTeam "Steyr (W) II"]
[BlackTeam "Feldbach Kirchberg (W)"]
[WhiteTeamCountry "AUT"]
[BlackTeamCountry "AUT"]

1. e4 c5 2. Nf3 d6 3. Bb5+ Bd7 4. Bxd7+ Nxd7 5. 0-0 Ngf6 6. Re1 e6 7. c3 Be7 8. d4 cxd4 9. cxd4 d5 10. e5 Ne4 11. Nbd2 Nxd2 12. Bxd2 0-0 13. Rc1 Nb8 14. Qb3 Qd7 15. a3 Nc6 16. Qd3 h6 17. Rc2 a6 18. Rec1 Rfc8 19. h3 Na7 20. g4 Qd8 21. Qb3 b5 22. Qd3 Rc4 23. b3 Rxc2 24. Rxc2 Rc8 25. b4 Rc4 26. Ne1 Qc7 27. f4 Rxc2 28. Nxc2 Qc4 29. Qxc4 dxc4 30. Kg2 f6 31. Kf3 Nc8 32. Ne3 Nb6 33. f5 fxe5 34. dxe5 Kf7 35. fxe6+ Kxe6 36. Nf5 Bf8 37. Ke4 g6 38. Nd4+ Kd7 39. h4 Nc8 40. h5 gxh5 41. gxh5 Ne7 42. e6+ Kd8 43. Nf5 Nxf5 44. Kxf5 Bg7 45. Kg6 c3 46. Bc1 Bd4 47. Kf7 1-0

[Event "AUT-chT (Women)"]
[Site "Austria"]
[Date "2013.03.21"]
[Round "1.2"]
[White "Schmidbauer, Andrea"]
[Black "Wilfling, Sandra"]
[Result "1/2-1/2"]
[WhiteElo "1870"]
[BlackElo "1796"]
[PlyCount "85"]
[EventDate "2013.03.21"]
[EventType "team-tourn"]
[EventRounds "9"]
[EventCountry "AUT"]
[SourceTitle "EXT 2015"]
[Source "ChessBase"]
[SourceDate "2014.11.20"]
[SourceVersion "1"]
[SourceVersionDate "2014.11.20"]
[SourceQuality "1"]
[WhiteTeam "Schachamazonen (W)"]
[BlackTeam "Feldbach Kirchberg (W)"]
[WhiteTeamCountry "AUT"]
[BlackTeamCountry "AUT"]

1. g3 Nf6 2. Bg2 d5 3. Nf3 c5 4. d3 Nc6 5. 0-0 e5 6. e4 d4 7. c3 Be7 8. a4 0-0 9. Na3 Ne8 10. Nc4 Qc7 11. cxd4 cxd4 12. Bd2 f6 13. Ne1 Nd6 14. Nxd6 Qxd6 15. f4 Be6 16. Bf3 Qd7 17. f5 Bf7 18. Bh5 Bb4 19. Bxf7+ Qxf7 20. a5 a6 21. Rf2 Rac8 22. Qa4 Bxd2 23. Rxd2 Na7 24. Nc2 Nb5 25. Kf2 Rc5 26. Na3 Nxa3 27. Rxa3 Rfc8 28. Qb3 Rb5 29. Qxf7+ Kxf7 30. Ke2 Ke7 31. Kd1 Kd6 32. Rc2 Rcc5 33. Rxc5 Kxc5 34. Kc2 Rb4 35. b3 Rb5 36. Ra4 Rb4 37. Ra1 Kb5 38. Kb2 b6 39. axb6 Kxb6 40. g4 Rb5 41. Rc1 Rc5 42. Rxc5 Kxc5 43. Ka3 1/2-1/2

[Event "Steyr-ch (Women)"]
[Site "Gleisdorf"]
[Date "2012.06.10"]
[Round "5.2"]
[White "Wilfling, Sandra"]
[Black "Landl, Margot"]
[Result "0-1"]
[WhiteElo "1755"]
[BlackElo "1782"]
[PlyCount "68"]
[EventDate "2012.06.08"]
[EventType "swiss"]
[EventRounds "6"]
[EventCountry "AUT"]
[SourceTitle "EXT 2024"]
[Source "ChessBase"]
[SourceDate "2023.10.10"]
[SourceVersion "1"]
[SourceVersionDate "2023.10.10"]
[SourceQuality "1"]

1. d4 Nf6 2. c4 e6 3. Nc3 Bb4 4. Qc2 0-0 5. a3 Bxc3+ 6. Qxc3 b6 7. Bg5 Bb7 8. Nf3 d6 9. e3 Nbd7 10. Be2 Rc8 11. 0-0 c5 12. dxc5 Rxc5 13. b4 Bxf3 14. bxc5 Bxe2 15. Rfe1 Bh5 16. cxd6 Re8 17. f3 e5 18. Qc2 Nc5 19. Bxf6 Qxf6 20. e4 Qxd6 21. Rad1 Qg6 22. Kh1 Qg5 23. Rd5 h6 24. Qc3 Qf4 25. Rf1 Nxe4 26. Qe1 Ng5 27. h4 Nxf3 28. gxf3 Bxf3+ 29. Rxf3 Qxf3+ 30. Kg1 Re6 31. Rd2 Rg6+ 32. Kh2 Qf4+ 33. Kh3 Qf3+ 34. Kh2 e4 0-1

[Event "AUT-chT (Women)"]
[Site "Austria"]
[Date "2012.03.04"]
[Round "4.2"]
[White "Wilfling, Sandra"]
[Black "Tschida, Verena"]
[Result "1-0"]
[WhiteElo "1742"]
[BlackElo "1654"]
[PlyCount "113"]
[EventDate "2012.03.01"]
[EventType "team-tourn"]
[EventRounds "7"]
[EventCountry "AUT"]
[SourceTitle "CBM 147 Extra"]
[Source "ChessBase"]
[SourceDate "2012.04.24"]
[SourceVersion "1"]
[SourceVersionDate "2012.04.24"]
[SourceQuality "1"]
[WhiteTeam "Feldbach Kirchberg (W)"]
[BlackTeam "Wien Apoptosis (W)"]
[WhiteTeamCountry "AUT"]
[BlackTeamCountry "AUT"]

1. d4 d5 2. c4 e6 3. Nc3 Nf6 4. Bg5 Be7 5. e3 h6 6. Bh4 0-0 7. Nf3 Nbd7 8. Rc1 c6 9. Bd3 b6 10. 0-0 Ba6 11. Qe2 Rc8 12. Rfd1 Nh7 13. Bxe7 Qxe7 14. e4 dxe4 15. Nxe4 Nhf6 16. Ne5 Rfd8 17. Bb1 c5 18. Nxd7 Rxd7 19. dxc5 Rxd1+ 20. Rxd1 bxc5 21. b3 Nd5 22. Qd2 Nb4 23. Qd7 Nc6 24. Qxe7 Nxe7 25. Nxc5 Bxc4 26. bxc4 g6 27. Ne4 Rxc4 28. f3 Nd5 29. Kf2 Kg7 30. Rd2 a5 31. Bc2 Rb4 32. Bb3 Ne7 33. Rd7 Nc6 34. Bxe6 Ne5 35. Rc7 Rb2+ 36. Kg3 g5 37. Bb3 h5 38. Rc2 h4+ 39. Kh3 Rxc2 40. Bxc2 Kh6 41. Nf6 Kg7 42. Ng4 Nc6 43. g3 Nd4 44. Bd1 Nf5 45. Kg2 f6 46. Kf2 Kf7 47. Bb3+ Ke7 48. Ne3 hxg3+ 49. hxg3 Nd4 50. Nc4 Nc6 51. Ke3 f5 52. Ba4 Nb4 53. a3 Na6 54. Nxa5 Nc5 55. Bc2 Kf8 56. Nc4 Ne6 57. a4 1-0

[Event "Steiermark-ch (Women)"]
[Site "Hartberg"]
[Date "2008.08.22"]
[Round "1.2"]
[White "Wilfling, Sandra"]
[Black "Landl, Margot"]
[Result "1/2-1/2"]
[WhiteElo "1625"]
[BlackElo "1681"]
[PlyCount "43"]
[EventDate "2008.08.22"]
[EventType "tourn"]
[EventRounds "5"]
[EventCountry "AUT"]
[SourceTitle "EXT 2024"]
[Source "ChessBase"]
[SourceDate "2023.10.10"]
[SourceVersion "1"]
[SourceVersionDate "2023.10.10"]
[SourceQuality "1"]

1. d4 Nf6 2. c4 g6 3. Nc3 Bg7 4. e4 d6 5. Nf3 0-0 6. Be2 e5 7. 0-0 Nc6 8. d5 Ne7 9. Ne1 Nd7 10. Be3 f5 11. f3 f4 12. Bf2 g5 13. Rc1 Rf6 14. b4 Rh6 15. c5 Qe8 16. cxd6 cxd6 17. Kh1 Qh5 18. Bg1 a6 19. Nd3 Bf6 20. Nf2 Qf7 21. a4 Bg7 22. b5 1/2-1/2

[Event "AUT-ch U14 Girls"]
[Site "Vienna"]
[Date "2008.05.12"]
[Round "5"]
[White "Wilfling, Sandra"]
[Black "Huber, Elke Carola"]
[Result "1-0"]
[WhiteElo "1580"]
[BlackElo "1412"]
[PlyCount "99"]
[EventDate "2008.05.10"]
[EventType "swiss"]
[EventRounds "7"]
[EventCountry "AUT"]
[SourceTitle "EXT 2009"]
[Source "ChessBase"]
[SourceDate "2008.11.26"]
[SourceVersion "1"]
[SourceVersionDate "2008.11.26"]
[SourceQuality "1"]

1. d4 d5 2. c4 e6 3. Nc3 Nf6 4. Bg5 Be7 5. e3 0-0 6. Nf3 Nbd7 7. Bd3 dxc4 8. Bxc4 c6 9. 0-0 Nd5 10. Bxe7 Qxe7 11. Rc1 Nxc3 12. Rxc3 e5 13. dxe5 Nxe5 14. Be2 Nxf3+ 15. Bxf3 Be6 16. a3 Rfd8 17. Qc2 Rd6 18. Be4 h6 19. Rd3 Rxd3 20. Bxd3 Rd8 21. Rd1 Bd5 22. h3 Qe6 23. Bc4 Qf6 24. Bxd5 Rxd5 25. Rxd5 cxd5 26. Qc8+ Kh7 27. Qxb7 Kg6 28. Qb3 d4 29. exd4 Qxd4 30. Qc2+ Kf6 31. Kf1 Qd5 32. f3 Qb5+ 33. Qe2 Qxe2+ 34. Kxe2 Ke5 35. Ke3 g5 36. g3 f5 37. Kd3 Kd5 38. b4 a6 39. f4 gxf4 40. gxf4 h5 41. h4 Kd6 42. Kd4 Kc6 43. Ke5 Kd7 44. Kxf5 Ke7 45. Kg6 Ke6 46. f5+ Ke5 47. f6 Ke6 48. f7 Ke7 49. Kg7 a5 50. f8Q+ 1-0